| 000 | 02122nas a2200349 i 4500 | ||
|---|---|---|---|
| 001 | 187597 | ||
| 003 | SpMaBN | ||
| 005 | 20250217134925.0 | ||
| 008 | 180828s1970 xxka| e |01 0||ng d | ||
| 245 | 0 | 2 |
_aA year of your life _b: a yearbook covering the events of [...]. |
| 246 | 3 | 4 |
_aYearbook _b: the new Caxton encyclopedia |
| 260 |
_aLondon : _bInternational Learning Systems Corporation Limited, _c[1970-] |
||
| 300 |
_a10 v. : _bil., fot. ; _c30 cm. |
||
| 310 | _aAnual | ||
| 362 | 0 | _a1970- | |
| 655 | 7 |
_2tgfbne _9226822 _aAnuarios |
|
| 852 |
_aES-MaACL _jA-14203 _9194683 _hDonación: Amadeo Aláez Rojo _bR.151608 _cDEPO1 _dOlim: N-7203 _pVol. 1 _xEncuadernación guaflex |
||
| 852 |
_aES-MaACL _jA-14204 _hDonación: Amadeo Aláez Rojo _bR.151608 _cDEPO1 _dOlin: N-7204 _pVol. 2 _xEncuadernación guaflex _9200917 |
||
| 852 |
_aES-MaACL _jA-14205 _hDonación: Amadeo Aláez Rojo _bR.151608 _cDEPO1 _pVol. 3 _xEncuadernación guaflex _dOlin: N-7205 _9200918 |
||
| 852 |
_aES-MaACL _jA-14206 _hDonación: Amadeo Aláez Rojo _bR.151608 _cDEPO1 _pVol. 4 _xEncuadernación guaflex _dOlim: N-7206 _9 200919 |
||
| 852 |
_aES-MaACL _jA-14207 _hDonación: Amadeo Aláez Rojo _bR.151608 _cDEPO1 _pVol. 5 _xEncuadernación guaflex _dOlim: N-7207 _9 200920 |
||
| 852 |
_aES-MaACL _jA-14208 _hDonación: Amadeo Aláez Rojo _bR.151608 _cDEPO1 _pVol. 6 _xEncuadernación guaflex _dOlim: N-7208 _9 200921 |
||
| 852 |
_aES-MaACL _jA-14209 _hDonación: Amadeo Aláez Rojo _bR.151608 _cDEPO1 _pVol. 7 _xEncuadernación guaflex _dOlim: N-7209 _9: 200922 |
||
| 852 |
_aES-MaACL _jA-14210 _hDonación: Amadeo Aláez Rojo _bR.151608 _cDEPO1 _pVol. 8 _xEncuadernación guaflex _dOlim: N-7210 _9 200923 |
||
| 852 |
_aES-MaACL _jA-14211 _hDonación: Amadeo Aláez Rojo _bR.151608 _cDEPO1 _pVol. 9 _xEncuadernación guaflex _9200924 _dOlim: N-7211 |
||
| 852 |
_aES-MaACL _jA-14212 _hDonación: Amadeo Aláez Rojo _bR.151608 _cDEPO1 _pVol. 10 _xEncuadernación guaflex _dOlim: N 7212 _9200925 |
||
| 866 | 0 | _o1972-1981. | |
| 903 |
_919076 _aAláez Rojo, Amadeo _ednr |
||
| 942 |
_2udc _cMONOGRAFIA |
||
| 999 |
_c187597 _d187597 |
||